000 01492nam a2200409 a 4500
001 ebr2004500
003 CaPaEBR
006 m u
007 cr cn|||||||||
008 001113s2000 enk sb 001 0 eng
010 _z 99054960
015 _aGBA0-44535
016 7 _a0333800699
_2Uk
020 _z0333800699(cased)
020 _z031223113X(St. Martin's Press)
040 _aCaPaEBR
_cCaPaEBR
035 _a(OCoLC)50103462
050 1 4 _aHV544.5
_b.R44 2000eb
082 0 4 _a363.3498526
_221
245 0 0 _aRegeneration of war-torn societies
_h[electronic resource] /
_cedited by Michael Pugh.
260 _aBasingstoke :
_bMacmillan Press,
_c2000.
300 _axvi, 249 p.
490 1 _aGlobal issues series
504 _aIncludes bibliographical references and index.
533 _aElectronic reproduction.
_bPalo Alto, Calif. :
_cebrary,
_d2013.
_nAvailable via World Wide Web.
_nAccess may be limited to ebrary affiliated libraries.
650 0 _aHumanitarian assistance.
650 0 _aInternational relief.
650 0 _aWar and society.
650 0 _aSecurity, International.
650 0 _aPeace.
650 0 _aReconciliation.
655 7 _aElectronic books.
_2local
700 1 _aPugh, Michael C.
_q(Michael Charles),
_d1944-
710 2 _aebrary, Inc.
830 0 _aGlobal issues (Thomson Learning (Firm))
856 4 0 _uhttp://site.ebrary.com/lib/rucke/Doc?id=2004500
_zAn electronic book accessible through the World Wide Web; click to view
999 _c225979
_d225979